000 00480nam a2200193Ia 4500
008 090123s9999 xx 000 0 und d
082 _b43099
100 _aओशो
245 _aध्यानदर्शन
250 _a1
260 _c2008
300 _a138
600 _aओशो
630 _aध्यानदर्शन
700 _aओशो
700 _aबोरीकर दिनकर
730 _aध्यानदर्शन
942 _cBOOK
999 _c81156
_d81156